| 000 | 01256nam a2200265 4500 | ||
|---|---|---|---|
| 001 | 79893 | ||
| 003 | BD-RjUL | ||
| 005 | 20220601132431.0 | ||
| 008 | 322060s1977 is 000 0 ara d | ||
| 035 | _a(BD-RjUL)79893 | ||
| 040 |
_aNNL _bara _cBD-RjUL |
||
| 041 | _aara | ||
| 082 |
_223 _a372.41 _bAFQ 1977 |
||
| 100 | 1 |
_a [Afifi, Ibrahim] العفيفي, ابراهيم _93340 |
|
| 245 | 1 | 4 |
_aالقراءة الجديدة :al-qirāʼah al-jadīdah / _b[lilsafi althaani aliabtidayaa] للصف الثاني الابتدائى _c[Ibrahim Al-Afifi Ahmed Abu Bakr Ibrahim Abdel-Azim Reviewed by Ahmed Al-Adwani] ابراهيم العفيفي احمد ابوبكر ابراهيم عبد العظيم مراجعة احمد العدواني |
| 250 | _a[Sixth Edition] الطبعة السادسة | ||
| 260 |
_aQuwit : _bوزارة التربية، _c1977 |
||
| 300 |
_a175 p. : _bill. ; _c27 cm |
||
| 650 |
_aReading (Elementary) _93341 |
||
| 651 |
_vReading (Primary) _93342 |
||
| 700 |
_a[Ibrahim, Ahmed Abu Bakr] ابراهيم, احمد ابوبكر _93343 |
||
| 700 |
_a[Badawy, Abdul Azim] بدوي, عبد العظيم _93344 |
||
| 700 |
_aمراجعة العدواني, احمد [murajaeat aleudwani, ahmad] _93345 |
||
| 942 |
_2ddc _cBK |
||
| 999 |
_c79893 _d79893 |
||